000 00226nam a2200085Ia 4500
008 220204s9999 xx 000 0 und d
245 0 _aIndian Electicity rules, 1956
260 _aDelhi
_bManager of Publications
_c1962
942 _cBK
999 _c19732
_d19732